000 00313nam a22001337a 4500
008 170526b xxu||||| |||| 00| 0 eng d
020 _a9027705062
041 _aeng
080 _a004
100 _a27
101 _aSHKI
245 _aCOMINATIORAL PROGRAMMING METHODS AND APPLICATIONS
_cROY. B
942 _2udc
_cBK
999 _c14491
_d14491